Cartoon Birds - Statistics

General Stats
  • This quiz has been taken 88 times
  • The average score is 9 of 16
Answer Stats
Picture Answer % Correct
Donald Duck
97%
Daffy Duck
85%
Tweety
84%
Road Runner
76%
Woody Woodpecker
75%
Big Bird
74%
Pingu
57%
Iago
56%
Zazu
49%
Red
47%
Foghorn Leghorn
46%
Darkwing Duck
40%
Blu
37%
Chicken
28%
Jim Crow
18%
José Carioca
7%
No matching quizzes found
Score Distribution
Percent of People with Each Score
Percentile by Number Answered
Your Score History
You have not taken this quiz